Women's Tennis Players A-Z - Statistics

General Stats
  • This quiz has been taken 396 times
    197 since last reset
  • The average score is 12 of 22
Answer Stats
# Player % Correct
S 14 Aryna Sabalenka | Maria Sakkari | Liudmila Samsonova | Mayar Sherif | Diana Shnaider | Laura Siegemund | Kateřina Siniaková | Zeynep Sönmez | Sara Sorribes Tormo | Rebecca Šramková | Peyton Stearns | Lulu Sun | Elina Svitolina | Iga Świątek
94%
A 6 Ekaterina Alexandrova | Erika Andreeva | Mirra Andreeva | Amanda Anisimova | Elina Avanesyan | Victoria Azarenka
90%
G 3 Caroline Garcia | Coco Gauff | Varvara Gracheva
85%
K 12 Anhelina Kalinina | Anna Kalinskaya | Sonay Kartal | Daria Kasatkina | Sofia Kenin | McCartney Kessler | Madison Keys | Marta Kostyuk | Barbora Krejčíková | Ashlyn Krueger | Polina Kudermetova | Veronika Kudermetova
84%
P 10 Jasmine Paolini | Alycia Parks | Nuria Párrizas Díaz | Diane Parry | Anastasia Pavlyuchenkova | Jessica Pegula | Bernarda Pera | Karolína Plíšková | Anastasia Potapova | Yulia Putintseva
84%
O 3 Naomi Osaka | Camila Osorio | Jeļena Ostapenko
79%
R 4 Emma Raducanu | Kamilla Rakhimova | Arantxa Rus | Elena Rybakina
75%
B 10 Paula Badosa | Hailey Baptiste | Irina-Camelia Begu | Kimberly Birrell | Anna Blinkova | Anna Bondár | Katie Boulter | Jéssica Bouzas Maneiro | Marie Bouzková | Lucia Bronzetti
72%
Z 2 Renata Zarazúa | Qinwen Zheng
60%
N 3 Emma Navarro | Jule Niemeier | Linda Nosková
54%
C 5 María Lourdes Carlé | Sorana Cîrstea | Elisabetta Cocciaretto | Danielle Collins | Jaqueline Cristian
48%
W 4 Xinyu Wang | Xiyu Wang | Yafan Wang | Caroline Wozniacki
46%
V 3 Donna Vekić | Katie Volynets | Markéta Vondroušová
44%
J 1 Ons Jabeur
42%
M 4 Tatjana Maria | Elise Mertens | Greet Minnen | Karolína Muchová
41%
Y 2 Dayana Yastremska | Yue Yuan
40%
F 2 Leylah Fernandez | Magdalena Fręch
39%
L 4 Suzan Lamens | Ann Li | Magda Linette | Eva Lys
37%
T 3 Clara Tauson | Viktoriya Tomova | Taylor Townsend
35%
D 3 Olga Danilović | Harriet Dart | Caroline Dolehide
21%
H 1 Beatriz Haddad Maia
19%
U 1 Moyuka Uchijima
1%
No matching quizzes found
Score Distribution
Percent of People with Each Score
Percentile by Number Answered
Your Score History
You have not taken this quiz since the last reset